Irish verbs 3 - Statistics

General Stats
  • This quiz has been taken 14 times
  • The average score is 5 of 18
Answer Stats
Hint Answer % Correct
leave fág
83%
stay fan
83%
see e feic
83%
listen eist
67%
begin tosaigh
50%
spend e caith
33%
leaving fágáil
33%
look a féach
33%
follow lean
33%
collect bailigh
17%
staying fanacht
17%
collecting bailiú
0%
spending e caithamh
0%
listening e eistacht
0%
looking a féachint
0%
seeing e feicáint
0%
following leanúint
0%
beginning tósu
0%
No matching quizzes found
Score Distribution
Percent of People with Each Score
Percentile by Number Answered
Your Score History
You have not taken this quiz